01203nab a22002057a 4500003000400000005001700004008004100021040000700062100002300069245014200092300001500234500003600249505032500285505014400610650002300754650002700777650001400804650002900818773015000847OSt20260105152614.0190514b xxu||||| |||| 00| 0 spa d cPJ aLópez, Marianela10aDeber alimentario tras el cese de la unión convivencial. Aplicación analógica del art. 434 Cód. Civ. y Com. /cMarianela López. ap. 202-208 aCita: TR LALEY AR/DOC/884/2025. aSumario: I. Introducción.— II. El planteo judicial. Su desarrollo.— III. Unión convivencial.— IV. Interpretación integral y armónica de principios constitucionales.— V. Aplicación analógica art. 434 Cód. Civ. y Com.— VI. Juzgar con perspectiva de género.— VII. Costas.— VIII. Conclusión.  tFallo comentado: JDistrito Nro. 3 Familia, Venado Tuerto ~ 02/05/2024 ~ L., E. V. c. I., D. G. s/ medidas cautelares alimentos provisorios. 0aDERECHO DE FAMILIA 0aUNIONES CONVIVENCIALES 0aALIMENTOS 0aJURISPRUDENCIA APLICABLE0 02844dBuenos Aires : AbeledoPerrot, 1989-tDerecho de familia. Revista Interdisciplinaria de doctrina y jurisprudencia. Junio 2025-III.z18511201